000 01006cas a22002897ar4500
005 20220329142300.0
008 000508d1903 mx mr pernn 0 b1spa d
010 _a81031
011 _a82003
035 _a92488
245 0 0 _aComisión de Parasitología Agrícola :
_bCircular
_c/por Comisión de Parasitología Agrícola
260 0 _aMéxico, D. F. :
_bComisión de Parasitología Agrícola,
_c1903-1907.
300 _av.
310 _aMensual
362 _an.44, 1906
500 _aSe dejo de recibir a partir del n. 69 de 1907.
590 _aBATCH-UPD
_b10
_c20130110
_lUCH01
_h0717
590 _aBATCH-UPD
_b10
_c20130410
_lUCH01
_h0402
590 _aBATCH-UPD
_b10
_c20130914
_lUCH01
_h1900
590 _aCONVERSION
_b10
_c20130109
_lUCH01
_h1345
650 1 4 _aParasitología
_xPublicaciones periódicas.
_985473
866 _an.1-13,15-18 (1903-1907)
866 _an.21-31,39-49 (1903-1907)
866 _an.51-56,58-69 (1903-1907)
901 _aSE
905 _aLilia Sánchez G.
999 _c81031
_d81031